| 000 | 00000nam##2200000za#4500 |
| 001 | 9.648137 |
| 003 | CaOODSP |
| 005 | 20200330091813 |
| 007 | ta |
| 008 | 150407|2001||||xxc||||| f|0| 0 eng|d |
| 020 | |a0-662-30335-0 |
| 040 | |aCaOODSP|beng |
| 043 | |an-cn--- |
| 086 | 1 |aE2-302/1997E |
| 110 | 1 |aCanada.|bForeign Affairs and International Trade. |bCanadian Centre for Foreign Policy Development. |
| 245 | 10|aNew Challenges in International Humanitarian Law : |bconference report / |cprepared by Canadian Red Cross International Services. |
| 260 | |aOttawa - Ontario : |bForeign Affairs and International Trade. |c2001. |
| 300 | |a5p. ; |c28 cm. |
| 563 | |aSoftcover |
| 590 | |a01-48|b2001-11-30 |
| 776 | 0#|tNew Challenges in International Humanitarian Law : |w(CaOODSP)9.686074 |
| 986 | |a3001.2E |